Arabic Course for English-Speaking Students (Record no. 13868)

MARC details
000 -LEADER
fixed length control field 00666nam a2200229 a 4500
020 ## - INTERNATIONAL STANDARD BOOK NUMBER
ISBN 1872531512
082 00 - DEWEY DECIMAL CLASSIFICATION NUMBER
Classification number 492.78
Author Cutter ABD3
100 ## - MAIN ENTRY--AUTHOR NAME
Author name Abudr, Rahim
245 ## - TITLE STATEMENT
Title Arabic Course for English-Speaking Students
260 ## - PUBLICATION, DISTRIBUTION, ETC. (IMPRINT)
Place of publication Leicester(uk)
Name of publisher UK Islamic Academy
Year of publication 2002
500 ## - GENERAL NOTE
General note includes index and biblioraphy
505 2# - FORMATTED CONTENTS NOTE
Formatted contents note Index
505 2# - FORMATTED CONTENTS NOTE
Formatted contents note Index00
942 ## - ADDED ENTRY ELEMENTS (KOHA)
Koha item type Books
700 1# -
-- Abudr, Rahim
Holdings
Home library Current library Date acquired Cost, normal purchase price Full call number Accession Number Koha item type
Henry Martyn Institute Library Henry Martyn Institute Library 08/01/2018 400.00 492.78 ABD3 020674 Books
Henry Martyn Institute Library Henry Martyn Institute Library 08/01/2018 400.00 492.78 ABD3 020675 Books
                   Copyright © 2026 | Henry Martyn Institute | Hyderabad | TS-500052 | INDIA | Implemented by hmi.edu.in
Hit-Count:

Powered by Koha